|
|
|
|
| LEADER |
00000nam a2200000 a 4500 |
| 001 |
vtls001365698 |
| 003 |
SK-MaSNL |
| 005 |
20260301044810.0 |
| 008 |
240226s1999 xo abp r yy eng |
| 015 |
|
|
|a SNBA1999/10-03557
|
| 020 |
|
|
|a 8085361574
|
| 035 |
|
|
|a SNK000319353
|
| 035 |
|
|
|a urn:nbn:sk:snk-amkjls
|
| 035 |
|
|
|a urn:nbn:sk:snk-am003skj
|
| 035 |
|
|
|a 708652BD-0CB1-4ECD-AC9D-2748A74044DA
|
| 040 |
|
|
|a SNK
|b slo
|c SNK
|e AACR2
|
| 041 |
0 |
|
|a eng
|
| 044 |
|
|
|a xo
|c SK
|
| 080 |
|
|
|a 504.53.062.4(437.624)=20
|2 1981
|
| 080 |
|
|
|a 631.4(437.624)=20
|2 1981
|
| 245 |
0 |
0 |
|a Soil conservation in large - scale land use
|b field excursion. guide - book, May 15, 1999 : international conference ...
|
| 260 |
|
|
|a Bratislava
|b Soil Science and Conservation Research Institute
|c 1999
|
| 300 |
|
|
|a 35 s.
|b fotogr., mp., tab.
|c 25 cm
|
| 500 |
|
|
|a 300 výt.
|
| 650 |
0 |
7 |
|a ochrana pôdy
|2 SNK
|9 4189
|
| 655 |
|
7 |
|a zbierky
|2 SNK
|9 70533
|
| 710 |
2 |
|
|a Národné poľnohospodárske a potravinárske centrum.
|b Výskumný ústav pôdoznalectva a ochrany pôdy
|4 vyd
|9 226982
|
| 919 |
|
|
|a 80-85361-57-4
|
| 958 |
|
|
|a TL
|
| 958 |
|
|
|a BQ
|
| 999 |
|
|
|c 596808
|d 598738
|
| 952 |
|
|
|t P60, <03>, [BOOK], {603}
|a SNK
|b SNK
|y PREZ
|7 0
|p 17A0197191
|o snkSC 98911/[a]
|i snkKSP 6564/99
|0 0
|1 0
|4 0
|d 1999-06-14
|f 1
|l 0
|r 2025-09-18 00:00:00
|w 2026-02-23
|
| 952 |
|
|
|t P60, <04>, [BOOK], {604}
|a SNK
|b SNK
|y VYP
|7 0
|p 17A0197452
|o snkSC 98911/[a] D1
|i snkKSP 6669/99
|0 0
|1 0
|4 0
|d 1999-06-17
|l 0
|r 2005-01-02 00:00:00
|w 2026-02-23
|